| Tag |
First Indicator |
Second Indicator |
Subfields |
| LEADER |
00000cam a2200000 4500 |
| 001 |
in00000047229 |
| 005 |
20210904063433.0 |
| 008 |
730109s1962 ne a b 00010 eng u |
| 010 |
|
|
|a 63003695
|
| 035 |
|
|
|a (OCoLC)00531799
|
| 035 |
|
|
|9 AAE5846AM
|
| 040 |
|
|
|c WSU
|d TXA
|d UtOrBLW
|
| 049 |
|
|
|a TXAM
|c [364357]
|
| 050 |
|
0 |
|a QC174.5
|b .M4
|
| 092 |
|
|
|a 530.12
|b M512g, 1962
|
| 100 |
1 |
|
|a Meijer, Paul H. E.
|q (Paul Herman Ernst),
|d 1921-2017.
|
| 245 |
1 |
0 |
|a Group theory ;
|b the application to quantum mechanics /
|c [by] Paul H. E. Meijer [and] Edmond Bauer.
|
| 264 |
|
1 |
|a Amsterdam :
|b North-Holland Pub. Co.;
|a New York :
|b Interscience,
|c 1962.
|
| 300 |
|
|
|a 288 pages :
|b illustrations ;
|c 24 cm.
|
| 336 |
|
|
|a text
|b txt
|2 rdacontent
|
| 337 |
|
|
|a unmediated
|b n
|2 rdamedia
|
| 338 |
|
|
|a volume
|b nc
|2 rdacarrier
|
| 504 |
|
|
|a Includes bibliography.
|
| 650 |
|
0 |
|a Quantum theory.
|
| 650 |
|
0 |
|a Group theory.
|
| 700 |
1 |
|
|a Bauer, Edmond.
|
| 999 |
|
|
|a MARS
|
| 999 |
f |
f |
|s ddf6d63b-0cef-35ab-bf98-3eec3c350360
|i f2c3a676-6e2b-323d-9bdf-22790180d76d
|t 0
|
| 952 |
f |
f |
|p normal
|a Texas A&M University
|b College Station
|c Sterling C. Evans Library
|d Evans: Library Stacks
|t 0
|e QC174.5 .M4
|h Library of Congress classification
|i unmediated -- volume
|m A14800910040
|
| 998 |
f |
f |
|a QC174.5 .M4
|t 0
|l Evans: Library Stacks
|